ストリートファイターⅥのキャラクター - Statistics

General Stats
  • This quiz has been taken 21 times
  • The average score is 16 of 26
Answer Stats
キャラクター % Correct
リュウ
100%
春麗
100%
ケン
100%
ダルシム
88%
ガイル
81%
エドモンド本田
81%
ザンギエフ
81%
ベガ
81%
ブランカ
75%
エド
69%
豪鬼
69%
キャミィ
63%
ジュリ
50%
50%
エレナ
50%
ルーク
44%
キンバリー
44%
マリーザ
44%
リリー
44%
テリー
44%
A.K.I.
44%
JP
44%
ディージェイ
38%
ラシード
38%
ジェイミー
31%
マノン
31%
No matching quizzes found
Score Distribution
Percent of People with Each Score
Percentile by Number Answered
Your Score History
You have not taken this quiz